000 00343nam a2200145Ia 4500
008 090122s9999 xx 000 0 und d
082 _b7560
_a822
100 _aBarker
_bhoward
245 _aThe hang of the gool
600 _aBarker
630 _aThe hang of the gool
700 _aBarker
730 _aThe hang of the gool
942 _cBOOK
999 _c31637
_d31637